| 000 | 00726nam a2200265Ia 4500 | ||
|---|---|---|---|
| 005 | 20250425162632.0 | ||
| 008 | 250425s9999 xx 000 0 und d | ||
| 041 | _aspa | ||
| 043 | _aec | ||
| 082 | _a378 | ||
| 100 | _aESPOL, CINDA | ||
| 245 | 0 | _aMEMORIAS I CONGRESO INTERNACIONAL DE PROFESIONALES EN TURISMO | |
| 250 | _a1A ED. | ||
| 260 |
_aEcuador _bESCUELA SUPERIOR POLITECNICA DEL LITORAL _c2014 |
||
| 260 |
_aGUAYAQUIL _bESCUELA SUPERIOR POLITECNICA DEL LITORAL |
||
| 300 | _a47 | ||
| 650 | _aCONGRESOS | ||
| 650 | _aINVESTIGACION | ||
| 650 | _aMEMORIAS | ||
| 650 | _aTURISMO | ||
| 650 | _aUNIVERSIDADES | ||
| 710 | _aESCUELA SUPERIOR POLITECNICA DEL LITORAL ESPOL | ||
| 942 | _c01 | ||
| 010 | _a91948 | ||
| 999 |
_c233326 _d233326 |
||